| 000 | 00822nam a22001577a 4500 | ||
|---|---|---|---|
| 003 | OSt | ||
| 005 | 20150908150649.0 | ||
| 008 | 150908b xxu||||| |||| 00| 0 eng d | ||
| 040 | _cRUA | ||
| 082 | _aAGR ឡម 1992 B006 Or.1 | ||
| 100 |
_9156 _aឡម គុណបុត្រ |
||
| 245 | _aសិក្សាប្រៀបធៀបអំពីសួនបន្លែគ្រួសារ និងកម្មវិធីផលិតស្បៀងជាលក្ខណៈគ្រួសារជាមួយកម្មវិធីមិនផលិតស្បៀងជាលក្ខណៈគ្រួសារនៅឃុំដំណាក់អំពិល ស្រុកភ្នំពេញ ខេត្តកណ្ដាល | ||
| 260 |
_aPhnom Penh _bRUA _c1992 |
||
| 300 |
_a44p. _bill. _c29cm. |
||
| 942 |
_2ddc _cAGR |
||
| 999 |
_c137 _d137 |
||